Home Print Resources E-Books E-Journals IIMT Lecture Series Library Membership Form Book Recommendation Form Campus Tour Take AdmissionAbout Us Contact Us

AYURVEDIYA STRIROGA VIJNANA (Record no. 58223)

000 -LEADER
fixed length control field 00411nam a22001817a 4500
008 - FIXED-LENGTH DATA ELEMENTS--GENERAL INFORMATION
fixed length control field 240214b |||||||| |||| 00| 0 eng d
020 ## - ISBN
International Standard Book Number 9789381608469
040 ## - CATALOGING SOURCE
Original cataloging agency IIMT Ayurveda Medical College and Hospital(0669)
082 ## - DDC NUMBER
Classification number 617 SUL
100 ## - MAIN ENTRY--PERSONAL NAME
Personal name SULOCHANA , A
110 ## - MAIN ENTRY--CORPORATE NAME
Department AYURVEDA
245 ## - TITLE STATEMENT
Title AYURVEDIYA STRIROGA VIJNANA
250 ## - EDITION STATEMENT
Edition statement 1 ST
260 ## - PUBLICATION, DISTRIBUTION, ETC. (IMPRINT)
Place of publication, distribution, etc NEW DELHI
Name of publisher, distributor, etc CHAUKHAMBA
Date of publication, distribution, etc 2018
300 ## - PHYSICAL DESCRIPTION
Pages 261
650 ## - Subject
Subject GYNACOLOGY
942 ## - ADDED ENTRY ELEMENTS (KOHA)
Koha item type Text-Book- for 7 days
952 ## - LOCATION AND ITEM INFORMATION (KOHA)
-- 2024-02-14
952 ## - LOCATION AND ITEM INFORMATION (KOHA)
-- 2024-02-14
952 ## - LOCATION AND ITEM INFORMATION (KOHA)
-- 2024-02-14
952 ## - LOCATION AND ITEM INFORMATION (KOHA)
-- 2024-02-14
952 ## - LOCATION AND ITEM INFORMATION (KOHA)
-- 2024-02-14
952 ## - LOCATION AND ITEM INFORMATION (KOHA)
-- 2024-02-14
952 ## - LOCATION AND ITEM INFORMATION (KOHA)
-- 2024-02-14
952 ## - LOCATION AND ITEM INFORMATION (KOHA)
-- 2024-02-14
Holdings
Withdrawn status Lost status Source of classification or shelving scheme Damaged status Not for loan Location (home branch) Sublocation or collection (holding branch) Date acquired Source of Acquisition Serial Enumeration / chronology Koha issues (times borrowed) Koha full call number Accession No. Koha date last seen Koha item type
          IIMT Ayurveda Medical College and Hospital(0669) IIMT Ayurveda Medical College and Hospital(0669) 01/30/2024 CHAUKHAMBA CP/B/1203   617 SUL 30-B-6214 02/14/2024 Text-Book- for 7 days
          IIMT Ayurveda Medical College and Hospital(0669) IIMT Ayurveda Medical College and Hospital(0669) 01/30/2024 CHAUKHAMBA CP/B/1203   617 SUL 30-B-6215 02/14/2024 Text-Book- for 7 days
          IIMT Ayurveda Medical College and Hospital(0669) IIMT Ayurveda Medical College and Hospital(0669) 01/30/2024 CHAUKHAMBA CP/B/1203   617 SUL 30-B-6216 02/14/2024 Text-Book- for 7 days
          IIMT Ayurveda Medical College and Hospital(0669) IIMT Ayurveda Medical College and Hospital(0669) 01/30/2024 CHAUKHAMBA CP/B/1203   617 SUL 30-B-6217 02/14/2024 Text-Book- for 7 days
          IIMT Ayurveda Medical College and Hospital(0669) IIMT Ayurveda Medical College and Hospital(0669) 01/30/2024 CHAUKHAMBA CP/B/1203   617 SUL 30-B-6218 02/14/2024 Text-Book- for 7 days
          IIMT Ayurveda Medical College and Hospital(0669) IIMT Ayurveda Medical College and Hospital(0669) 01/30/2024 CHAUKHAMBA CP/B/1203   617 SUL 30-B-6219 02/14/2024 Text-Book- for 7 days
          IIMT Ayurveda Medical College and Hospital(0669) IIMT Ayurveda Medical College and Hospital(0669) 01/30/2024 CHAUKHAMBA CP/B/1203   617 SUL 30-B-6220 02/14/2024 Text-Book- for 7 days
          IIMT Ayurveda Medical College and Hospital(0669) IIMT Ayurveda Medical College and Hospital(0669) 01/30/2024 CHAUKHAMBA CP/B/1203   617 SUL 30-B-6221 02/14/2024 Text-Book- for 7 days
IIMT, Central Library. All Rights Reserved IIMT,UNIVERSITY © 2023
Implemented and Customised by I CLOUDE EMS
You Are OPAC Visitor No
free web counter

Powered by Koha